The changing Indian civilization, Vol.-1 : (Record no. 22353)
[ view plain ]
| 000 -LEADER | |
|---|---|
| fixed length control field | 00781cam a2200253 i 4500 |
| 001 - CONTROL NUMBER | |
| control field | 357121 |
| 003 - CONTROL NUMBER IDENTIFIER | |
| control field | BDDh-ASL |
| 005 - DATE AND TIME OF LATEST TRANSACTION | |
| control field | 20231015030124.0 |
| 008 - FIXED-LENGTH DATA ELEMENTS--GENERAL INFORMATION | |
| fixed length control field | 770127m19769999ii b 001 0 eng |
| 010 ## - LIBRARY OF CONGRESS CONTROL NUMBER | |
| LC control number | 76903128 |
| 020 ## - INTERNATIONAL STANDARD BOOK NUMBER | |
| Terms of availability | Rs75.00 (v. 1) |
| 040 ## - CATALOGING SOURCE | |
| Original cataloging agency | DLC |
| Transcribing agency | DLC |
| Modifying agency | DLC |
| -- | BDDh-ASL |
| 043 ## - GEOGRAPHIC AREA CODE | |
| Geographic area code | a-ii--- |
| 050 00 - LIBRARY OF CONGRESS CALL NUMBER | |
| Classification number | DS423 |
| Item number | .G39 |
| 082 00 - DEWEY DECIMAL CLASSIFICATION NUMBER | |
| Classification number | 954 |
| Item number | ORC |
| 100 1# - MAIN ENTRY--PERSONAL NAME | |
| Personal name | Ghosh, Oroon K., |
| Dates associated with a name | 1917- |
| 245 14 - TITLE STATEMENT | |
| Title | The changing Indian civilization, Vol.-1 : |
| Remainder of title | a perspective on India / |
| Statement of responsibility, etc. | Oroon Kumar Ghosh. |
| 260 ## - PUBLICATION, DISTRIBUTION, ETC. | |
| Place of publication, distribution, etc. | Calcutta : |
| Name of publisher, distributor, etc. | Minerva Associates (Publications), |
| Date of publication, distribution, etc. | 1976- |
| 300 ## - PHYSICAL DESCRIPTION | |
| Extent | v-1, |
| Dimensions | 23 cm. |
| 504 ## - BIBLIOGRAPHY, ETC. NOTE | |
| Bibliography, etc. note | Includes bibliographical references and index. |
| 651 #0 - SUBJECT ADDED ENTRY--GEOGRAPHIC NAME | |
| Geographic name | India |
| General subdivision | Civilization. |
| 906 ## - LOCAL DATA ELEMENT F, LDF (RLIN) | |
| a | 7 |
| b | cbc |
| c | orignew |
| d | 4 |
| e | ncip |
| f | 19 |
| g | y-gencatlg |
| 942 ## - ADDED ENTRY ELEMENTS (KOHA) | |
| Source of classification or shelving scheme | Dewey Decimal Classification |
| Koha item type | Books |
| Withdrawn status | Lost status | Source of classification or shelving scheme | Damaged status | Not for loan | Collection code | Home library | Current library | Shelving location | Date acquired | Source of acquisition | Serial Enumeration / chronology | Total Checkouts | Full call number | Barcode | Date last seen | Copy number | Price effective from | Koha item type | Public note |
|---|---|---|---|---|---|---|---|---|---|---|---|---|---|---|---|---|---|---|---|
| Dewey Decimal Classification | Non-fiction | Asiatic Society Library | Asiatic Society Library | General Stacks | 02/25/2021 | ASB Library Collections | V-1 | 954 ORC | 106568 | 02/25/2021 | C-1 | 02/25/2021 | Books | RARE |